00331nam a2200121Ia 4500008004100000041000800041082001400049100002000063245005100083260004200134300002400176365000900200240624s9999 xx 000 0 und d aeng a332.6 FAB aFABOZZI FRANK J aTHEORY AND PRACTICE OF INVESTMENT MANAGEMENT W c2004aNew JerseybJohn Wiley and Sons a420 : p. : cm. ; 24 cb30